Prince songs : Sudden Death - Statistics

General Stats
  • This quiz has been taken 51 times
  • The average score is 12 of 20
Answers on the Grid
Answers color-coded by a green-red scale on the quiz's grid according to % correct below.
Sweet Things
Musicology
Gett Off
How Bad Do U Want Me
Here and Now
Move On
Purple Rain
I Feel For You
Raspberry Beret
All Around the World
7
Private Dancer
I Like It
Diamonds And Pearls
29
U Got The Look
The Most Beautiful Girl In the World
Keep It Together
Pop Life
Little Red Corvette
Sexy M.F.
Never as Good as the First Time
Love No Limit
Shining Star
Kiss
The Secret Garden
Get It Up
Partyman
I Wanna Be Your Lover
The Lounge
Mountains
Red Light Special
Darling Nikki
There U Go
Starstruck
Sign 'O' the Times
Baby, Come To Me
Walking Down Your street
Controversy
Let's Go Crazy
 
Answer Stats
Answer % Correct
Purple Rain
94%
Little Red Corvette
83%
Raspberry Beret
83%
Kiss
80%
Let's Go Crazy
77%
Sign 'O' the Times
77%
U Got The Look
71%
Gett Off
66%
Darling Nikki
63%
Diamonds And Pearls
63%
The Most Beautiful Girl In the World
63%
I Wanna Be Your Lover
57%
Controversy
54%
7
49%
Musicology
49%
Sexy M.F.
49%
Partyman
46%
I Feel For You
40%
Pop Life
40%
Mountains
20%
No matching quizzes found
Score Distribution
Percent of People with Each Score
Percentile by Number Answered
Your Score History
You have not taken this quiz